Dudas filosóficas : (Record no. 186421)
[ view plain ]
| 000 -CABECERA | |
|---|---|
| campo de control de longitud fija | 00741nam a2200241 u 4500 |
| 005 - FECHA Y HORA DE LA ÚLTIMA TRANSACCIÓN | |
| campo de control | 20240912063803.0 |
| 008 - ELEMENTOS DE LONGITUD FIJA--INFORMACIÓN GENERAL | |
| campo de control de longitud fija | 161027s2014 mx r 000 0 spa d |
| 020 ## - NÚMERO INTERNACIONAL NORMALIZADO PARA LIBROS | |
| Número Internacional Estándar del Libro | 9786072802124 (UAM) |
| 020 ## - NÚMERO INTERNACIONAL NORMALIZADO PARA LIBROS | |
| Número Internacional Estándar del Libro | 9788497848695 (Gedisa) |
| 035 ## - NÚMERO DE CONTROL DEL SISTEMA | |
| Número de control de sistema | UPN01000214321 |
| 049 ## - COLECCIÓN | |
| Colección | CG |
| 050 #4 - SIGNATURA TOPOGRÁFICA DE LA BIBLIOTECA DEL CONGRESO | |
| Número de clasificación | B837 |
| Número de documento/Ítem | D8.2 |
| 245 00 - MENCIÓN DE TÍTULO | |
| Título | Dudas filosóficas : |
| Resto del título | ensayos sobre escepticismo antiguo, moderno y contemporáneo / |
| Mención de responsabilidad, etc. | coord. Jorge Ornelas. |
| 260 ## - PUBLICACIÓN, DISTRIBUCIÓN, ETC. | |
| Lugar de publicación, distribución, etc. | México : |
| Nombre del editor, distribuidor, etc. | UAM-Iztapalapa : |
| -- | Gedisa, |
| Fecha de publicación, distribución, etc. | 2014. |
| 300 ## - DESCRIPCIÓN FÍSICA | |
| Extensión | 424 p. |
| 440 #0 - MENCIÓN DE SERIE/ASIENTO SECUNDARIO--TÍTULO | |
| Título | Filosofía. |
| Nombre de parte o sección de la obra | Cla.De.Ma |
| 650 #4 - ASIENTO SECUNDARIO DE MATERIA - TERMINO TEMATICO | |
| Término de materia o nombre geográfico como elemento de entrada | ESCEPTICISMO |
| 9 (RLIN) | 21709 |
| 650 #4 - ASIENTO SECUNDARIO DE MATERIA - TERMINO TEMATICO | |
| Término de materia o nombre geográfico como elemento de entrada | Creencia y duda |
| 9 (RLIN) | 11296 |
| 650 #2 - ASIENTO SECUNDARIO DE MATERIA - TERMINO TEMATICO | |
| Término de materia o nombre geográfico como elemento de entrada | Filosofía |
| Subdivisión general | Historia |
| 9 (RLIN) | 10004 |
| 700 1# - ASIENTO SECUNDARIO--NOMBRE DE PERSONAL | |
| Nombre de persona | Ornelas, Jorge, |
| Término indicativo de función/relación | coord. |
| 905 ## - TIPO DE MATERIAL | |
| Tipo de material | Libro |
| Estado de retiro | Estado de pérdida | Fuente del sistema de clasificación o colocación | Estado dañado | No para préstamo | Código de colección | Localización permanente | Ubicación/localización actual | Ubicación en estantería | Total de préstamos | Clasificación | Código de barras | Fecha visto por última vez | Número de copia | Tipo de ítem Koha |
|---|---|---|---|---|---|---|---|---|---|---|---|---|---|---|
| Library of Congress Classification | Colección General | Bib. Gregorio Torres Quintero | Bib. Gregorio Torres Quintero | Planta baja | B837 D8.2 | 315045 | 31/12/2020 | 1 | Libro | |||||
| Library of Congress Classification | Colección General | Bib. Gregorio Torres Quintero | Bib. Gregorio Torres Quintero | Planta baja | 1 | B837 D8.2 | 315046 | 31/12/2020 | 1 | Libro |
